[Event "East Detroit (MCO/2/52)"]
[Site "?"]
[Date "1985.??.??"]
[Round "?"]
[White "Williams, C.."]
[Black "Coates, J.."]
[Result "1-0"]
[WhiteElo "1605"]
[BlackElo "1605"]
[PlyCount "43"]
[EventDate "1985.??.??"]

{2/(52)} 1. e4 e5 2. Nf3 Nc6 3. Bb5 Bd6 4. O-O Nf6 5. Re1 a6 6. Bxc6 bxc6 7. d4
h6 8. dxe5 Bxe5 9. Nxe5 O-O 10. Nc3 Qe7 11. Bf4 g5 12. Bg3 Rd8 13. Ng4 Nxg4 14.
Qxg4 d6 15. Qf3 Be6 16. Ne2 d5 17. Nd4 Qd7 18. Be5 c5 19. Qf6 Kf8 20. Qxh6+ Ke8
21. Qh8+ Ke7 22. Bf6+ 1-0

[Event "Westland (SEMO Res/1a/17)"]
[Site "?"]
[Date "1985.??.??"]
[Round "?"]
[White "White, B.."]
[Black "Serwatowski, Felix"]
[Result "1-0"]
[WhiteElo "1605"]
[BlackElo "1605"]
[PlyCount "95"]
[EventDate "1985.??.??"]

1. c4 e5 2. Nc3 Nf6 3. g3 d5 4. cxd5 Nxd5 5. Bg2 Be6 6. e3 c5 7. Nge2 Nc6 8.
O-O Be7 9. b3 O-O 10. Bb2 Nxc3 11. Bxc3 Bd5 12. e4 Be6 13. f4 f6 14. f5 Bf7 15.
Bb2 c4 16. Nc3 Nb4 17. Nd5 Bc5+ 18. Kh1 Nd3 19. Qc2 Nxb2 20. Qxb2 Bd4 21. Nc3
b5 22. b4 a6 23. Rad1 Bh5 24. Bf3 Bxf3+ 25. Rxf3 Bxc3 26. Rxc3 Qd4 27. Qc2 Qb6
28. d3 Rfd8 29. dxc4 Rxd1+ 30. Qxd1 Rd8 31. Rd3 Rxd3 32. Qxd3 bxc4 33. Qxc4+
Kf8 34. Kg2 Qb5 35. Qxb5 axb5 36. Kf3 Ke7 37. Ke3 Kd6 38. Kd3 Kc6 39. Kc2 Kb6
40. Kb2 Ka6 41. Kb3 Kb6 42. a3 Ka6 43. a4 bxa4+ 44. Kxa4 Kb6 45. b5 g6 46. g4
gxf5 47. gxf5 h6 48. h3 1-0

[Event "Westland (SEMO Res/5/30)"]
[Site "?"]
[Date "1985.??.??"]
[Round "?"]
[White "White, B.."]
[Black "Keeley, G.."]
[Result "1-0"]
[WhiteElo "1605"]
[BlackElo "1605"]
[PlyCount "65"]
[EventDate "1985.??.??"]

{5/(30)} 1. f4 Nc6 2. e3 e5 3. fxe5 Nxe5 4. Be2 Nf6 5. Nc3 d5 6. Nf3 Bd6 7. O-O
Be6 8. Nd4 Bd7 9. b3 b6 10. Bb2 g6 11. Qe1 Qe7 12. Qh4 Neg4 13. Bxg4 Nxg4 14.
Qxe7+ Bxe7 15. Nxd5 Bd6 16. Nf3 Rg8 17. h3 Nh6 18. Nf6+ Ke7 19. Nxg8+ Rxg8 20.
Ng5 Bc6 21. Bf6+ Kd7 22. Nxh7 g5 23. Bxg5 Be5 24. Rae1 f6 25. Nxf6+ Bxf6 26.
Rxf6 Rxg5 27. e4 Ng8 28. Rf5 Rg7 29. d3 b5 30. Ref1 Nh6 31. Rf6 Rh7 32. g4 Kc8
33. Rxc6 1-0

[Event "Westland (SEMO Res/3/33)"]
[Site "?"]
[Date "1985.??.??"]
[Round "?"]
[White "White, B.."]
[Black "Ball, Ed"]
[Result "0-1"]
[WhiteElo "1605"]
[BlackElo "1605"]
[PlyCount "118"]
[EventDate "1985.??.??"]

{3/(33)} 1. f4 d5 2. e3 Nf6 3. Be2 g6 4. Nc3 Bg7 5. Nf3 Nc6 6. d4 O-O 7. O-O
Bf5 8. Nh4 Qd7 9. Nxf5 Qxf5 10. a3 a6 11. Bd3 Qd7 12. Bd2 Qd6 13. Qe2 e6 14.
Na4 b6 15. Bxa6 Ne4 16. Rfd1 Nxd2 17. Rxd2 Nb8 18. Bb5 Nd7 19. Bxd7 Qxd7 20. b3
Rfb8 21. c4 dxc4 22. Nxb6 Rxb6 23. Qxc4 Rbb8 24. b4 Bf8 25. Rda2 Bd6 26. Qe2
Qb5 27. Qc2 f6 28. Qd2 e5 29. fxe5 fxe5 30. d5 e4 31. Rd1 Qd3 32. Qxd3 exd3 33.
Rxd3 Bxb4 34. a4 Ra5 35. e4 Rd8 36. Kf2 c6 37. Rb3 Bf8 38. dxc6 Rc5 39. Rb6 Rc8
40. a5 R5xc6 41. Rxc6 Rxc6 42. a6 Rc8 43. Ke3 Kf7 44. a7 Ra8 45. Kd4 Ke6 46.
Ra6+ Kd7 47. Kd5 h6 48. e5 g5 49. Ke4 Bc5 50. Kf5 Rxa7 51. e6+ Ke7 52. Rxa7+
Bxa7 53. Kg6 Kxe6 54. Kxh6 Kf5 55. Kh5 Bf2 56. g4+ Kf4 57. h3 Bh4 58. Kh6 Kg3
59. Kg6 Kxh3 0-1

[Event "Westland (SEMO Res/1a/12)"]
[Site "?"]
[Date "1985.??.??"]
[Round "?"]
[White "Wheeler, R.."]
[Black "Steury, M.."]
[Result "0-1"]
[WhiteElo "1605"]
[BlackElo "1685"]
[PlyCount "51"]
[EventDate "1985.??.??"]

1. e4 e6 2. Nf3 d5 3. exd5 exd5 4. d4 Bd6 5. Nc3 Nf6 6. Bd3 Nc6 7. a3 Bg4 8.
Be2 O-O 9. O-O Re8 10. h3 Bf5 11. Re1 Qd7 12. Bd3 a6 13. Ne2 h6 14. Bf4 Be4 15.
Bxd6 Qxd6 16. Ng3 Bxf3 17. gxf3 Nxd4 18. Kg2 Qf4 19. c4 dxc4 20. Re4 Qxf3+ 21.
Qxf3 Nxf3 22. Kxf3 cxd3 23. Ke3 Rad8 24. Rd1 Nd5+ 25. Kxd3 Rxe4 26. Nxe4 0-1

[Event "East Detroit (MCO/2/33)"]
[Site "?"]
[Date "1985.??.??"]
[Round "?"]
[White "Wheeler, R.."]
[Black "Moody, David"]
[Result "0-1"]
[WhiteElo "1605"]
[BlackElo "2010"]
[PlyCount "60"]
[EventDate "1985.??.??"]

{2/(33)} 1. d4 Nf6 2. c4 c5 3. d5 e6 4. dxe6 fxe6 5. Nf3 d5 6. cxd5 exd5 7. e3
Nc6 8. Be2 Be7 9. O-O O-O 10. b3 Bf5 11. Bb2 Nb4 12. Ne1 Qc7 13. a3 Nc6 14. Nd2
Rad8 15. Nef3 d4 16. exd4 cxd4 17. Nc4 d3 18. Nfe5 dxe2 19. Qxe2 Bd6 20. Nf3
Rfe8 21. Qxe8+ Rxe8 22. Nxd6 Qxd6 23. Rad1 Qf4 24. Bc1 Qc7 25. Be3 Bg4 26. Rc1
Bxf3 27. gxf3 Qf7 28. b4 Qh5 29. Bf4 Qxf3 30. Bg3 Nd4 0-1

[Event "Westland (SEMO Res/3/30)"]
[Site "?"]
[Date "1985.??.??"]
[Round "?"]
[White "Wheeler, R.."]
[Black "Baker, R.."]
[Result "1/2-1/2"]
[WhiteElo "1605"]
[BlackElo "1675"]
[PlyCount "102"]
[EventDate "1985.??.??"]

{3/(30)} 1. e4 e5 2. Nf3 Nc6 3. d4 exd4 4. Bc4 Be7 5. O-O d6 6. Nxd4 Nf6 7. Nc3
Bd7 8. Re1 O-O 9. a3 Ne5 10. Bb3 Bg4 11. f3 Bd7 12. Nd5 Nxd5 13. exd5 Bh4 14.
Re2 Qf6 15. Be3 Qg6 16. Qf1 f5 17. f4 Ng4 18. g3 Rae8 19. Rae1 Re4 20. Nf3 Nxe3
21. Rxe3 Bf6 22. c3 Rfe8 23. Qd3 h5 24. Bc2 Kh7 25. Qd2 R4e7 26. Rxe7 Bxe7 27.
Qf2 h4 28. Qg2 hxg3 29. hxg3 Kg8 30. Nd4 Bd8 31. Rxe8+ Qxe8 32. Bxf5 Qe3+ 33.
Kh2 Bxf5 34. Nxf5 Qe8 35. Qc2 Qh5+ 36. Kg2 Kf7 37. c4 Qg6 38. Ne3 Qxc2+ 39.
Nxc2 Bf6 40. b3 Bb2 41. Kf3 Kf6 42. g4 g5 43. a4 Bc1 44. fxg5+ Bxg5 45. Nd4 Ke5
46. Ne6 Bf6 47. Ke3 c6 48. g5 cxd5 49. gxf6 Kxe6 50. cxd5+ Kxf6 51. Kf4 a5
1/2-1/2

[Event "East Detroit (MCO/3/11)"]
[Site "?"]
[Date "1985.??.??"]
[Round "?"]
[White "Waters, J.."]
[Black "Simon, P.."]
[Result "0-1"]
[WhiteElo "1885"]
[BlackElo "2295"]
[PlyCount "50"]
[EventDate "1985.??.??"]

{3/(11)} 1. e4 c5 2. Nf3 d6 3. d3 Nc6 4. Nbd2 g6 5. g3 Bg7 6. Bg2 e6 7. a4 Nge7
8. O-O O-O 9. c3 Rb8 10. Ne1 a6 11. f4 b5 12. axb5 axb5 13. Nc2 Bd7 14. g4 f5
15. gxf5 gxf5 16. Qh5 Rf6 17. Rf3 Rh6 18. Qg5 Rg6 19. Qh5 Be8 20. Qh3 Rh6 21.
Qg3 Bh5 22. Rf2 Rg6 23. Qh4 Bg4 24. h3 Bf6 25. Qg3 Bd1 0-1

[Event "East Detroit (MCO/6/23)"]
[Site "?"]
[Date "1985.??.??"]
[Round "?"]
[White "Waters, J.."]
[Black "Nixon, Peter"]
[Result "0-1"]
[WhiteElo "1885"]
[BlackElo "1605"]
[PlyCount "62"]
[EventDate "1985.??.??"]

{6/(23)} 1. e4 c5 2. Nc3 e6 3. f4 Nc6 4. Nf3 g6 5. Bc4 Bg7 6. d3 Bxc3+ 7. bxc3
a6 8. O-O b5 9. Bb3 d6 10. f5 Qf6 11. fxg6 hxg6 12. Ng5 Qxc3 13. Bd2 Qd4+ 14.
Kh1 Nh6 15. Qf3 Qg7 16. Qg3 Ne5 17. Bc3 Bd7 18. d4 cxd4 19. Bxd4 Ke7 20. Nf3
Nhg4 21. h3 f5 22. exf5 gxf5 23. Nxe5 dxe5 24. Bxe5 Qxe5 25. Qxe5 Nxe5 26. Rae1
Kf6 27. Rf2 Bc6 28. Kg1 Rag8 29. Kf1 b4 30. Re3 Rd8 31. Ke1 Rd4 0-1

[Event "East Detroit (MCO/2/6)"]
[Site "?"]
[Date "1985.??.??"]
[Round "?"]
[White "Waters, J.."]
[Black "Groeller, W.."]
[Result "1/2-1/2"]
[WhiteElo "1885"]
[BlackElo "2165"]
[PlyCount "63"]
[EventDate "1985.??.??"]

{2/(6)} 1. e4 c5 2. Nf3 Nc6 3. d3 g6 4. Nbd2 Bg7 5. g3 d6 6. Bg2 Nf6 7. O-O O-O
8. a4 Bg4 9. h3 Bxf3 10. Nxf3 e5 11. c3 d5 12. exd5 Qxd5 13. Nd4 e4 14. Nxc6
Qxc6 15. Qb3 Rad8 16. Qc4 Rfe8 17. Be3 Bf8 18. Bg5 Qe6 19. Qxe6 Rxe6 20. dxe4
Rd3 21. Rfd1 Rxd1+ 22. Rxd1 Nxe4 23. Bxe4 Rxe4 24. Rd8 Kg7 25. Bh6+ Kxh6 26.
Rxf8 Kg7 27. Rc8 Re2 28. Rxc5 Rxb2 29. Rc7 Ra2 30. Rxb7 Rxa4 31. c4 Rxc4 32.
Rxa7 1/2-1/2

[Event "East Detroit (MCO/5/15)"]
[Site "?"]
[Date "1985.??.??"]
[Round "?"]
[White "Waters, J.."]
[Black "Arganian, David G"]
[Result "0-1"]
[WhiteElo "1885"]
[BlackElo "2110"]
[PlyCount "70"]
[EventDate "1985.??.??"]

{5/(15)} 1. e4 c5 2. Nc3 d6 3. f4 g6 4. Nf3 Bg7 5. Bb5+ Bd7 6. Bxd7+ Qxd7 7.
O-O Nc6 8. d3 e6 9. Nh4 f5 10. exf5 gxf5 11. Qh5+ Qf7 12. Qxf7+ Kxf7 13. Nf3
Nd4 14. Nxd4 Bxd4+ 15. Kh1 a6 16. a4 Ne7 17. Ne2 Bf6 18. Be3 Nd5 19. Bg1 Nb4
20. c3 Nxd3 21. Rfd1 c4 22. b3 b5 23. bxc4 bxc4 24. Rab1 Rab8 25. Nd4 Nxf4 26.
Nc6 Rxb1 27. Rxb1 Bxc3 28. Rb7+ Kf6 29. a5 Rc8 30. Rb6 Nd5 31. Rxa6 Nb4 32.
Nxb4 Bxb4 33. Be3 Ke5 34. Kg1 Bc5 35. Bxc5 Rxc5 0-1

[Event "East Detroit (MCO/1/31)"]
[Site "?"]
[Date "1985.??.??"]
[Round "?"]
[White "Ward, Tim"]
[Black "Swartz, J.."]
[Result "1-0"]
[WhiteElo "1880"]
[BlackElo "1605"]
[PlyCount "65"]
[EventDate "1985.??.??"]

{1/(31)} 1. d4 Nf6 2. c4 e6 3. Nc3 Bb4 4. e3 O-O 5. Nge2 c5 6. a3 Ba5 7. g3
cxd4 8. exd4 Nc6 9. b4 Bc7 10. Bg2 b6 11. d5 exd5 12. cxd5 Bb7 13. dxc6 dxc6
14. O-O Qe7 15. Qc2 Rad8 16. Bf4 Rd7 17. Rad1 Bd8 18. Rxd7 Nxd7 19. Nd4 Qf6 20.
Rd1 c5 21. Nf3 Bc6 22. b5 Bxf3 23. Bxf3 Ne5 24. Bxe5 Qxe5 25. Qd3 Bf6 26. Nd5
Bg5 27. Bg2 g6 28. f4 Bxf4 29. Nxf4 Rc8 30. Bd5 Kg7 31. Bxf7 Qd4+ 32. Qxd4+
cxd4 33. Bd5 1-0

[Event "East Detroit (MCO/2/7)"]
[Site "?"]
[Date "1985.??.??"]
[Round "?"]
[White "Ward, Tim"]
[Black "Brooks, John"]
[Result "0-1"]
[WhiteElo "1880"]
[BlackElo "2140"]
[PlyCount "102"]
[EventDate "1985.??.??"]

{2/(7)} 1. d4 Nf6 2. c4 b6 3. Nc3 Bb7 4. Nf3 e6 5. g3 Bb4 6. Bg2 Ne4 7. Bd2
Nxd2 8. Qxd2 O-O 9. O-O f5 10. Rad1 Qe8 11. a3 Bxc3 12. Qxc3 Be4 13. d5 Bxf3
14. Bxf3 e5 15. e3 d6 16. e4 fxe4 17. Bxe4 Nd7 18. Qc2 Qh5 19. Rde1 Rf7 20. Qe2
Qh3 21. f4 exf4 22. Rxf4 Rxf4 23. gxf4 Nf6 24. Bg2 Qh4 25. Qe6+ Kh8 26. Qe3 Ng8
27. Qg3 Qf6 28. b3 Rf8 29. a4 a5 30. Qe3 Qg6 31. Qe4 Qg4 32. f5 Qg5 33. Rf1 Nh6
34. h4 Qh5 35. Bf3 Qxf5 36. Qxf5 Rxf5 37. Be4 Rxf1+ 38. Kxf1 g6 39. Kf2 Kg7 40.
Kg3 Kf6 41. Kf4 Nf5 42. Kg4 Nh6+ 43. Kf4 Nf7 44. Bc2 h6 45. Bd1 g5+ 46. hxg5+
hxg5+ 47. Ke4 Ne5 48. Be2 Nd7 49. Bd1 Nc5+ 50. Kd4 Kf5 51. Bc2+ Kf4 0-1

[Event "East Detroit (MCO/5/23)"]
[Site "?"]
[Date "1985.??.??"]
[Round "?"]
[White "Ward, Tim"]
[Black "Becker, A.."]
[Result "1-0"]
[WhiteElo "1880"]
[BlackElo "1605"]
[PlyCount "73"]
[EventDate "1985.??.??"]

{5/(23)} 1. d4 Nf6 2. c4 e6 3. Nc3 d5 4. cxd5 exd5 5. Bg5 Be7 6. e3 Bf5 7. Qb3
Bc8 8. Bxf6 Bxf6 9. Nxd5 O-O 10. Nxf6+ Qxf6 11. Nf3 c6 12. Bd3 Nd7 13. O-O Nb6
14. Rac1 Be6 15. Qc2 g6 16. Ne5 Rfd8 17. f4 Nd5 18. Qf2 Nb4 19. Bb1 Bxa2 20.
Bxa2 Nxa2 21. Rc4 Rdc8 22. Ra4 Qe6 23. f5 Qb3 24. fxg6 fxg6 25. Nd7 Nc1 26. Ra3
Qc4 27. d5 Nd3 28. Qf7+ Kh8 29. Nf6 Qh4 30. Rxd3 Rf8 31. Qxb7 Rab8 32. Qxa7
Rxb2 33. Qd4 Rxg2+ 34. Kxg2 Qg5+ 35. Ng4+ Kg8 36. Rxf8+ Kxf8 37. Qf6+ 1-0

[Event "Westland (SEMO Res/3/37)"]
[Site "?"]
[Date "1985.??.??"]
[Round "?"]
[White "Walters, G.."]
[Black "Robinson, S.."]
[Result "0-1"]
[WhiteElo "1605"]
[BlackElo "1605"]
[PlyCount "54"]
[EventDate "1985.??.??"]

{3/(37)} 1. c4 e5 2. e4 Nf6 3. Nc3 Bc5 4. g3 d6 5. Bg2 Be6 6. d3 a6 7. Nh3 h6
8. O-O Qd7 9. Qa4 c6 10. Qb3 b5 11. Nf4 exf4 12. Bxf4 O-O 13. e5 dxe5 14. Bxe5
Qxd3 15. Bxc6 Nxc6 16. Rad1 Qf5 17. Bf4 Bxc4 18. Rd5 Nxd5 19. Qd1 Nxc3 20. bxc3
Bxf1 21. Qxf1 g5 22. Bd2 Ne5 23. Kh1 Ng4 24. f3 Ne3 25. Bxe3 Bxe3 26. c4 Rad8
27. cxb5 axb5 0-1

[Event "Westland (SEMO Res/2/32)"]
[Site "?"]
[Date "1985.??.??"]
[Round "?"]
[White "Walters, G.."]
[Black "Riseman, J.."]
[Result "0-1"]
[WhiteElo "1605"]
[BlackElo "1620"]
[PlyCount "70"]
[EventDate "1985.??.??"]

{2/(32)} 1. c4 e5 2. Nc3 d6 3. g3 f5 4. d3 Nf6 5. Bg2 Be7 6. f4 c6 7. Nf3 Nbd7
8. b4 Qb6 9. Rb1 Ng4 10. d4 exd4 11. Nxd4 Bf6 12. e3 Bxd4 13. exd4 O-O 14. O-O
Ndf6 15. h3 Nh6 16. Re1 Bd7 17. c5 Qc7 18. Re7 d5 19. b5 Rfe8 20. Qe2 Rxe7 21.
Qxe7 Re8 22. Qd6 Qa5 23. Bd2 Nf7 24. Nxd5 Qxa2 25. Nxf6+ gxf6 26. Qxd7 Qxb1+
27. Kf2 Rd8 28. Qe7 Qb2 29. Qe3 Rxd4 30. Ke1 Qb1+ 31. Bc1 Rc4 32. bxc6 Rxc1+
33. Kf2 Rc2+ 34. Kf3 Qd1+ 35. Qe2 Qxe2# 0-1

[Event "East Detroit (MCO/2/36)"]
[Site "?"]
[Date "1985.??.??"]
[Round "?"]
[White "Varner, M.."]
[Black "Sarka, K.."]
[Result "0-1"]
[WhiteElo "1605"]
[BlackElo "1675"]
[PlyCount "78"]
[EventDate "1985.??.??"]

{2/(36)} 1. e4 d6 2. d4 Nf6 3. Nc3 g6 4. h3 Bg7 5. Nf3 O-O 6. Bd3 Nbd7 7. O-O
c5 8. dxc5 Nxc5 9. e5 dxe5 10. Nxe5 Nxd3 11. Qxd3 Bf5 12. Qxd8 Raxd8 13. Be3 a6
14. Rac1 Nd7 15. Nxd7 Rxd7 16. g4 Be6 17. a3 Bxc3 18. bxc3 Rc8 19. Bd4 Bd5 20.
Rfe1 e6 21. Re3 Rc6 22. f4 h6 23. f5 gxf5 24. gxf5 exf5 25. Kf2 Be4 26. Rg1+
Rg6 27. Reg3 Rdd6 28. Re1 Rxg3 29. Kxg3 Rg6+ 30. Kf4 Rg2 31. Re3 Kf8 32. Ke5
Ke8 33. c4 Bxc2 34. Kd6+ Be4 35. c5 Rd2 36. Ke5 f6+ 37. Kxf6 Rxd4 38. Rg3 Rd3
39. Rg8+ Kd7 0-1

[Event "East Detroit (MCO/4/35)"]
[Site "?"]
[Date "1985.??.??"]
[Round "?"]
[White "Varner, M.."]
[Black "Santus, Nick"]
[Result "0-1"]
[WhiteElo "1605"]
[BlackElo "1650"]
[PlyCount "44"]
[EventDate "1985.??.??"]

{4/(35)} 1. e4 c5 2. Nf3 Nc6 3. Bc4 d6 4. d3 Bg4 5. h3 Bh5 6. g4 Bg6 7. Nbd2 e6
8. O-O Be7 9. Nh2 h5 10. f4 hxg4 11. hxg4 Qd7 12. f5 Bh7 13. Ndf3 O-O-O 14. Bg5
Bxg5 15. Nxg5 d5 16. fxe6 fxe6 17. Bb3 Nf6 18. c4 d4 19. Ba4 Qc7 20. Nxe6 Qg3+
21. Kh1 Bxe4+ 22. dxe4 Rxh2# 0-1

[Event "Westland (SEMO Res/1b/21)"]
[Site "?"]
[Date "1985.??.??"]
[Round "?"]
[White "Vandenburg, V.E.."]
[Black "Thomas, Jeff"]
[Result "0-1"]
[WhiteElo "1605"]
[BlackElo "1605"]
[PlyCount "106"]
[EventDate "1985.??.??"]

1. b4 Nc6 2. a3 a5 3. b5 Nd4 4. Bb2 Nxb5 5. c4 Nd6 6. e3 e6 7. Nc3 g6 8. Nd5 f6
9. Nf4 b6 10. Nf3 e5 11. Ne2 Nxc4 12. Bc3 Nxa3 13. d4 Nc4 14. Ng3 Ba6 15. dxe5
Bg7 16. exf6 Bxf6 17. Qc2 d5 18. Be2 Qe7 19. O-O Nxe3 20. Qa4+ Kd8 21. Bxf6
Nxf6 22. Nd4 Qe8 23. Qxe8+ Rxe8 24. fxe3 Ne4 25. Bxa6 Rxa6 26. Nxe4 Rxe4 27.
Nc2 b5 28. Rfd1 c6 29. Rd4 Rxd4 30. exd4 Ke7 31. Kf2 Kd6 32. Nb4 Ra8 33. Nd3 a4
34. Ra3 Rf8+ 35. Ke2 Re8+ 36. Kd2 Re4 37. Kc3 Re2 38. Nf4 Rf2 39. g3 Rxh2 40.
Kb4 Rb2+ 41. Ka5 Rb3 42. Rxb3 axb3 43. Nd3 h5 44. Kb4 g5 45. Kxb3 h4 46. g4 h3
47. Nf2 h2 48. Kc3 c5 49. dxc5+ Kxc5 50. Nd3+ Kd6 51. Nf2 Ke5 52. Kd3 b4 53.
Ke3 b3 0-1

[Event "Westland (SEMO Res/3/32)"]
[Site "?"]
[Date "1985.??.??"]
[Round "?"]
[White "Vandenburg, V.E.."]
[Black "Keeley, G.."]
[Result "1-0"]
[WhiteElo "1605"]
[BlackElo "1605"]
[PlyCount "67"]
[EventDate "1985.??.??"]

{3/(32)} 1. b4 a6 2. Bb2 d5 3. e3 Nc6 4. a3 e5 5. c4 Nf6 6. cxd5 Nxd5 7. d3 f5
8. Nf3 Bd6 9. Be2 O-O 10. O-O b5 11. Nbd2 Qe7 12. Rc1 Bb7 13. Ne1 Qh4 14. g3
Qh3 15. Qb3 Nce7 16. e4 fxe4 17. dxe4 Kh8 18. exd5 Bxd5 19. Qc3 Rf7 20. Ndf3
Bxf3 21. Nxf3 h6 22. Nxe5 Bxe5 23. Qxe5 Raf8 24. f4 Nf5 25. Rxc7 Nxg3 26. Rxf7
Nxe2+ 27. Qxe2 Rxf7 28. Qe8+ Kh7 29. Qxf7 Qe3+ 30. Rf2 Qe1+ 31. Kg2 Qe4+ 32.
Kg3 Qe3+ 33. Kg4 h5+ 34. Kg5 1-0

[Event "East Detroit (MCO/5/47)"]
[Site "?"]
[Date "1985.??.??"]
[Round "?"]
[White "Turner, De"]
[Black "Swartz, J.."]
[Result "1-0"]
[WhiteElo "1605"]
[BlackElo "1605"]
[PlyCount "49"]
[EventDate "1985.??.??"]

{5/(47)} 1. e4 e6 2. e5 d5 3. exd6 cxd6 4. Nf3 Nc6 5. Bb5 Bd7 6. Bxc6 Bxc6 7.
Nc3 Nf6 8. d3 Rc8 9. Bg5 Be7 10. Bxf6 Bxf6 11. O-O Qb6 12. Rb1 O-O 13. h3 Qc5
14. Ne4 Bxe4 15. dxe4 Qxc2 16. Qxd6 Qxe4 17. b3 Rc2 18. a4 Rd8 19. Qh2 Bd4 20.
Nxd4 Rdc8 21. Nxc2 Qxc2 22. Qg3 Qd2 23. Qf3 Rc7 24. Qg3 Re7 25. Qb8+ 1-0

[Event "East Detroit (MCO/1/51)"]
[Site "?"]
[Date "1985.??.??"]
[Round "?"]
[White "Turner, De"]
[Black "Franke, R.."]
[Result "0-1"]
[WhiteElo "1605"]
[BlackElo "1905"]
[PlyCount "60"]
[EventDate "1985.??.??"]

{1/(51)} 1. e4 c5 2. Bc4 d6 3. Nf3 Nf6 4. Nc3 Nc6 5. Ng5 e6 6. d3 Be7 7. Nf3
O-O 8. Bg5 a6 9. Bxf6 Bxf6 10. O-O b5 11. Bb3 Qc7 12. a4 b4 13. Ne2 Bxb2 14.
Rb1 Bf6 15. d4 cxd4 16. Nexd4 Nxd4 17. Nxd4 Qc5 18. Ne2 Bb7 19. Qd3 a5 20. c4
bxc3 21. Bc2 Ba6 22. Qf3 Rab8 23. Rfe1 Rb4 24. Rxb4 axb4 25. Qh3 g6 26. Bd3 Ra8
27. Bxa6 Rxa6 28. Rd1 Rxa4 29. Qg3 Ra3 30. Rxd6 Ra1+ 0-1

[Event "East Lansing (MI Op/1b/4)"]
[Site "?"]
[Date "1985.??.??"]
[Round "?"]
[White "Turner, Darrell"]
[Black "Wygrecki, J.."]
[Result "0-1"]
[WhiteElo "1865"]
[BlackElo "2220"]
[PlyCount "68"]
[EventDate "1985.??.??"]

1. d4 Nf6 2. c4 c5 3. d5 b5 4. cxb5 a6 5. bxa6 Bxa6 6. Nc3 d6 7. e4 Bxf1 8.
Kxf1 g6 9. h4 Bg7 10. Bg5 Qb6 11. Nge2 h6 12. Bxf6 Bxf6 13. Qd2 Nd7 14. f4 c4
15. Rb1 Nc5 16. Qe3 O-O 17. e5 Bg7 18. b4 cxb3 19. axb3 Qb4 20. Nd4 dxe5 21.
fxe5 Bxe5 22. Qxe5 Qxc3 23. Rh3 Nd3 24. Qe3 Ra1 25. Rxa1 Qxa1+ 26. Ke2 Nb4 27.
Qc3 Qg1 28. Rg3 Nxd5 29. Qd2 Kh7 30. Nf3 Qc5 31. Nd4 e5 32. Nf3 Nf4+ 33. Ke1
Ra8 34. Qb2 Nd3+ 0-1

[Event "East Lansing (MI Op/3/31)"]
[Site "?"]
[Date "1985.??.??"]
[Round "?"]
[White "Turner, Darrell"]
[Black "Steverson, Bunnard"]
[Result "1-0"]
[WhiteElo "1865"]
[BlackElo "1755"]
[PlyCount "25"]
[EventDate "1985.??.??"]

{3/(31)} 1. e4 c6 2. d4 d5 3. Nc3 e6 4. Nf3 dxe4 5. Nxe4 Nf6 6. Bg5 Be7 7. Bxf6
Bxf6 8. c3 O-O 9. Bd3 Be7 10. Ne5 Nd7 11. Qh5 Qe8 12. Nxd7 Bxd7 13. Nf6+ 1-0

[Event "East Lansing (MI Op/5/30)"]
[Site "?"]
[Date "1985.??.??"]
[Round "?"]
[White "Turner, Darrell"]
[Black "Mikus, Jim"]
[Result "1-0"]
[WhiteElo "1865"]
[BlackElo "1795"]
[PlyCount "87"]
[EventDate "1985.??.??"]

{5/(30)} 1. e4 c6 2. d4 d5 3. exd5 cxd5 4. c4 Bf5 5. Nc3 Nf6 6. c5 a6 7. b4 e6
8. Bg5 Be7 9. Nf3 Nbd7 10. Bd3 Bxd3 11. Qxd3 h6 12. Bxf6 Nxf6 13. O-O O-O 14.
a4 b6 15. Ne5 bxc5 16. bxc5 Ne8 17. Rfb1 f6 18. Ng6 Rf7 19. Rb7 Bf8 20. Rab1
Qc8 21. Rxf7 Kxf7 22. Rb6 f5 23. Ne5+ Kg8 24. Qb1 Nd6 25. Rc6 Rb8 26. Rxc8
Rxb1+ 27. Nxb1 Nxc8 28. Nd2 Be7 29. Nb3 Bd8 30. Kf1 Ne7 31. c6 Bc7 32. Nc5 Bxe5
33. dxe5 Kf7 34. c7 Nc8 35. Nxa6 Ke7 36. Nc5 g5 37. Ke2 h5 38. g3 Kf7 39. Kd3
Ke7 40. Kc3 Kf7 41. Kb4 Ke7 42. Kb5 g4 43. Kc6 d4 44. Kb7 1-0

[Event "Westland (SEMO Res/5/39)"]
[Site "?"]
[Date "1985.??.??"]
[Round "?"]
[White "Tumpkin, R.."]
[Black "Walters, G.."]
[Result "0-1"]
[WhiteElo "1605"]
[BlackElo "1605"]
[PlyCount "78"]
[EventDate "1985.??.??"]

{5/(39)} 1. e4 c5 2. Nf3 Nc6 3. Nc3 d5 4. Bb5 Nf6 5. e5 Ne4 6. e6 Bxe6 7. Bxc6+
bxc6 8. Ne5 Nxc3 9. bxc3 g6 10. Ba3 Bg7 11. Nd3 c4 12. Nc5 Bf5 13. O-O O-O 14.
Re1 Re8 15. Rb1 Rb8 16. Bb4 a5 17. Ba3 Rb5 18. Nb7 Qc7 19. Nd6 Rxb1 20. Qxb1
Rb8 21. Qxb8+ Qxb8 22. Nxf5 gxf5 23. Bxe7 Qb2 24. Bg5 h6 25. Bd8 Qxa2 26. h3 a4
27. Re8+ Kh7 28. Re7 Kg6 29. g4 fxg4 30. Re3 Qxc2 31. hxg4 Qxd2 32. Bb6 Bxc3
33. Rf3 a3 34. Kg2 a2 35. Rh3 a1=Q 36. Be3 Qe2 37. Rxh6+ Kg7 38. Kg3 Qg1+ 39.
Kh4 Qgxg4# 0-1

[Event "Westland (SEMO Res/1b/18)"]
[Site "?"]
[Date "1985.??.??"]
[Round "?"]
[White "Tumpkin, R.."]
[Black "Thomas, Henry"]
[Result "1-0"]
[WhiteElo "1605"]
[BlackElo "1620"]
[PlyCount "54"]
[EventDate "1985.??.??"]

1. e4 e5 2. Nf3 Nf6 3. Nc3 Nc6 4. Bb5 Bb4 5. d3 Nd4 6. Nxd4 exd4 7. e5 dxc3 8.
O-O Nd5 9. Qg4 Bf8 10. b3 c6 11. Bg5 f6 12. exf6 Nxf6 13. Rfe1+ Kf7 14. Qc4+ d5
15. Qxc3 cxb5 16. d4 Bd6 17. Re3 Ne4 18. Rf3+ Kg6 19. Qd3 Qxg5 20. Qxb5 Bg4 21.
Re3 Nxf2 22. Kxf2 Rhf8+ 23. Rf3 Rae8 24. Rd1 Qe3+ 25. Kf1 Rxf3+ 26. gxf3 Qxf3+
27. Kg1 Qxd1+ 1-0

[Event "East Lansing (MI Op/2/33)"]
[Site "?"]
[Date "1985.??.??"]
[Round "?"]
[White "Triplett, Thomas"]
[Black "Mason, A.."]
[Result "1/2-1/2"]
[WhiteElo "1870"]
[BlackElo "1725"]
[PlyCount "52"]
[EventDate "1985.??.??"]

{2/(33)} 1. d4 Nf6 2. Nc3 d5 3. Bg5 e6 4. e4 dxe4 5. Nxe4 Be7 6. Nxf6+ Bxf6 7.
Bxf6 Qxf6 8. Nf3 O-O 9. Bd3 Nc6 10. O-O Rd8 11. c3 b6 12. Re1 Bb7 13. Qc1 Ne7
14. Be4 Bxe4 15. Rxe4 Ng6 16. Qe3 Rac8 17. Re1 c5 18. dxc5 Rxc5 19. h3 Rcd5 20.
Rd4 Rxd4 21. cxd4 Qf4 22. Qc3 Qd6 23. Rc1 Nf4 24. Qe3 h6 25. Rc2 Nd5 26. Qb3
Ne7 1/2-1/2

[Event "East Lansing (MI Op/6/28)"]
[Site "?"]
[Date "1985.??.??"]
[Round "?"]
[White "Triplett, Thomas"]
[Black "Lahr, Fred"]
[Result "1-0"]
[WhiteElo "1870"]
[BlackElo "1605"]
[PlyCount "73"]
[EventDate "1985.??.??"]

{6/(28)} 1. e4 c5 2. Nf3 d6 3. d4 cxd4 4. Nxd4 Nf6 5. Nc3 a6 6. Bc4 e6 7. Bb3
b5 8. a3 Bb7 9. Bg5 Be7 10. Qd3 Nbd7 11. Bxf6 Nc5 12. Qe3 Bxf6 13. Ba2 Qb6 14.
Rd1 O-O 15. O-O Rac8 16. Rfe1 Rfe8 17. f3 b4 18. axb4 Qxb4 19. Nb3 Nxb3 20.
Bxb3 Bxc3 21. bxc3 Rxc3 22. Qd2 Qc5+ 23. Kh1 Rd8 24. Re2 Kf8 25. Qf4 d5 26. Qh4
Qd6 27. Qxh7 Qe5 28. f4 Qxf4 29. Qh8+ Ke7 30. Qxg7 d4 31. Kg1 d3 32. Rf2 Qxf2+
33. Kxf2 Rxc2+ 34. Bxc2 dxc2 35. Qg5+ f6 36. Qg7+ Ke8 37. Qg8+ 1-0

[Event "East Lansing (MI Op/4/28)"]
[Site "?"]
[Date "1985.??.??"]
[Round "?"]
[White "Triplett, Thomas"]
[Black "Haakonstad, Olaf"]
[Result "0-1"]
[WhiteElo "1870"]
[BlackElo "1755"]
[PlyCount "100"]
[EventDate "1985.??.??"]

{4/(28)} 1. d4 Nf6 2. Nc3 d5 3. Bg5 e6 4. e4 Be7 5. e5 Nfd7 6. Bxe7 Qxe7 7. Qg4
f6 8. f4 fxe5 9. fxe5 c5 10. Nb5 Nf8 11. Nd6+ Kd7 12. Bb5+ Nc6 13. dxc5 Ng6 14.
Nf3 Rf8 15. O-O-O a6 16. Bxc6+ bxc6 17. g3 a5 18. c4 Kc7 19. Rd3 Rxf3 20. Rxf3
Nxe5 21. Qf4 Nxf3 22. Nf5+ e5 23. Qxf3 Qg5+ 24. Ne3 d4 25. Re1 Bd7 26. h4 Qh6
27. Qe4 dxe3 28. Qxe5+ Kb7 29. Qe7 e2+ 30. Kc2 Qg6+ 31. Kd2 Qg4 32. Qe3 Qxc4
33. Qe7 Qd5+ 34. Kc1 Re8 35. Qxg7 Qxc5+ 36. Kb1 Re7 37. Qh8 Bf5+ 38. Ka1 Qg1
39. Qc3 Qb6 40. a3 a4 41. Rc1 Rd7 42. Qe1 Bg4 43. Qc3 h5 44. Qc4 Rd1 45. Qf7+
Qc7 46. Qc4 Rxc1+ 47. Qxc1 Qxg3 48. Qc4 e1=Q+ 49. Ka2 Qb3+ 50. Qxb3+ axb3+ 0-1